000 00824nab a2200229 u 4500
001 09274
003 HDC
007 cr bn ---aaaaa
008 210201b20122012may||||| |||| 00| 0 may d
040 _aHDC
245 0 _aIRDA sedia ruang PKS berkembang:
_bprojek pemangkin jana peluang perniagaan
_c/ Berita Harian
260 _aMalaysia:
_bNew Straits Times Press (M) Bhd.,
_c2012
300 _a1 online resource
336 _atext
_2rdacontent
337 _acomputer
_2rdamedia
338 _aonline resource
_2rdacarrier
650 _aSmall and Medium Enterprises (SMEs)
_zMalaysia
_91799
856 _zRequest full-text at [email protected]
942 _2lcc
942 _cNEWS
942 _kNWSC 002583
999 _c6597
_d6597